[Event "El Ksiba op"]
[Site "El Ksiba"]
[Date "2018.05.02"]
[Round "7"]
[White "Benaddi, Mouhcine"]
[Black "Oubaaqa, Aboubakr"]
[Result "0-1"]
[WhiteElo "2111"]
[BlackElo "1905"]
[PlyCount "58"]
[EventDate "2018.04.28"]
[EventType "swiss"]
[EventRounds "9"]
[EventCountry "MAR"]
[SourceTitle "CBM 184 Extra"]
[Source "ChessBase"]
[SourceDate "2018.06.28"]
[SourceVersion "1"]
[SourceVersionDate "2018.06.28"]
[SourceQuality "1"]

1. Nf3 Nf6 2. g3 d5 3. Bg2 Nbd7 4. d4 g6 5. 0-0 Bg7 6. c4 c6 7. cxd5 cxd5 8. Nc3 0-0 9. Qb3 Nb6 10. a4 Nc4 11. Ne5 Na5 12. Qa2 Be6 13. Rd1 Qb6 14. Be3 Rfd8 15. Qa3 Rac8 16. b4 Nc4 17. Nxc4 Rxc4 18. Rab1 Rdc8 19. a5 Qc6 20. Na4 Ne4 21. b5 Qd6 22. Qxd6 exd6 23. Nb2 Rc2 24. Bxe4 dxe4 25. d5 Bd7 26. Bd4 Bxb5 27. Bxg7 Kxg7 28. Rd4 Bxe2 29. Nd1 Rc1 0-1